Polychaete worms from a cave in the Bahamas and from experimental wood panels deep water of the north Atlantic (<Polynoidae: Macellicephalinae, Harmothoinae>) (Registro nro. 11664)

Detalles MARC
000 -CABECERA
Campo de control 007100000a22001810004500
090 ## - CLASIFICACIÓN LOCAL
Colección AR
Consecutivo 02600
041 0# - IDIOMA
Código de idioma para texto/pista de sonido o título separado
100 1# - ASIENTO PRINCIPAL--NOMBRE PERSONAL
Nombre personal Pettibone, Marian H.
245 10 - MENCION DE TITULO
Título Polychaete worms from a cave in the Bahamas and from experimental wood panels deep water of the north Atlantic (<Polynoidae: Macellicephalinae, Harmothoinae>)
650 14 - ASIENTO SECUNDARIO DE MATERIA - TERMINO TEMATICO
Término temático o nombre geográfico como elemento de entrada Bioespeleología
650 14 - ASIENTO SECUNDARIO DE MATERIA - TERMINO TEMATICO
Término temático o nombre geográfico como elemento de entrada Taxonomía animal
650 14 - ASIENTO SECUNDARIO DE MATERIA - TERMINO TEMATICO
Término temático o nombre geográfico como elemento de entrada Morfología animal
650 14 - ASIENTO SECUNDARIO DE MATERIA - TERMINO TEMATICO
Término temático o nombre geográfico como elemento de entrada Troglobios
651 #4 - ASIENTO SECUNDARIO DE MATERIA - NOMBRE GEOGRAFICO
-- Islas Caicos
-- Antillas
653 ## - TERMINO DE INDIZACION - NO CONTROLADO
-- Pelagomacellicephala
-- Pelagomacellicephala iliffei
773 1# - Item fuente:
Título Proceedings of the Biological Society of Washington
Especificación de materiales 41
Descripción física 1
Paginas del Articulo 127-149
Lugar, editorial y fecha de publicación 1985
Información sobre la relación 98
942 ## - ELEMENTOS ADICIONALES (KOHA)
Tipo de ítem Artículo
Existencias
Withdrawn status Lost status Damaged status No para préstamo Colección Ubicación Permanente Ubicación actual Fecha de adquisición Fuente de Valor Datos de publicación Seriada Total Checkouts Número topográfico Inventario / Código de Barras Date last seen Ejemplar Price effective from Forma de adquisición Tipo de material
      No para Préstamo Hemeroteca Bogotá Bogotá 27/02/2015 Sánchez, Enrique Fuera de circulación   AR 02600 013798 25/03/2015 1 25/03/2015   Artículo